Tecnología ciudadana para la democracia (notice nᵒ 10878)
[ vue normale ]
| 000 -Sello discográfico | |
|---|---|
| campo de control de longitud fija | 01210nam a2200325 4500 |
| 005 - Identificación de versión | |
| campo de control | 20251029095534.0 |
| 010 ## - Número Estándar Internacional de Libros (ISBN) | |
| Número (ISBN) | 968-36-3654-3 |
| 035 ## - Otros números de control del sistema | |
| Número de control del sistema | 15613 |
| 099 ## - fechas locales | |
| Tipo de ítem Koha | LIBRO |
| 100 ## - Datos de procesamiento general | |
| Datos de procesamiento general | 20040226d1994 m y1spay5003 ba |
| 101 ## - Idioma del recurso | |
| Idioma del texto, banda sonora, etc. | Español; Castellano |
| 105 ## - Campo de datos codificados: Material textual, monográfico | |
| Datos codificados de monografía | y 001zy |
| 200 1# - Título y mención de responsabilidad | |
| Título propio | Tecnología ciudadana para la democracia |
| Designación general del material | texto impreso |
| Otra información del título | una guía de observación electoral independiente |
| Primer mención de responsabilidad | Enrique Calderón, Daniel Cazés |
| 205 ## - Declaración de edición | |
| Declaración de edición | 1a ed |
| 210 ## - Publicación, distribución, etc. | |
| Lugar de publicación, distribución, etc. | México |
| Nombre del editor, distribuidor, etc. | Universidad Nacional Autónoma de México, Centro de Investigaciones Interdisciplinarias en Ciencias y Humanidades |
| -- | La Jornada Ediciones |
| Fecha de publicación, distribución, etc. | 1994 |
| 215 ## - Descripción física | |
| Designación de material específico y extensión del ítem | 120 p |
| Dimensiones | 21 cm |
| 345 ## - Nota de información de adquisición | |
| Fuente de adquisición/dirección de la suscripción [OBSOLETO] | Donación de la UNAM |
| 410 #1 - Series | |
| Título | Colección La democracia en México |
| 606 ## - Término temático usado como materia | |
| Elemento de entrada | Democracia |
| Subdivisión geográfica | México |
| Número Koha | 129 |
| 606 ## - Término temático usado como materia | |
| Elemento de entrada | Elecciones |
| Subdivisión geográfica | México |
| Subdivisión temática | Historia |
| Número Koha | 17416 |
| 606 ## - Término temático usado como materia | |
| Elemento de entrada | Partidos políticos |
| Subdivisión geográfica | México |
| Subdivisión temática | Historia |
| Número Koha | 8908 |
| 607 ## - Nombre geográfico utilizado como tema | |
| Elemento de entrada | México |
| Subdivisión temática | Política y gobierno |
| Subdivisión cronológica | 1929- |
| Número Koha | 17417 |
| 660 ## - Código de área geográfica | |
| Código | MX |
| 700 ## - Nombre personal - Responsabilidad primaria | |
| Elemento de entrada | Calderón |
| Parte del nombre distinta del elemento de entrada | Enrique |
| Número Koha | 17418 |
| 701 ## - Nombre personal - Responsabilidad alternativa | |
| Elemento de entrada | Cazés Menache |
| Parte del nombre distinta del elemento de entrada | Daniel |
| Fechas | 1939- |
| Número Koha | 1851 |
| 801 #0 - Fuente de origen | |
| País | FR |
| Agencia | cm |
| Reglas de catalogación (convenciones descriptivas) | AFNOR |
| 942 ## - ELEMENTOS DE ENTRADA SECUNDARIOS (KOHA) | |
| Tipo de ítem Koha | Livre |
| Estatus retirado | Estado de daño | Estado de pérdida | Fecha de adquisición | Biblioteca de origen | Biblioteca actual | Ubicación en estantería | Código de barras | Precio de reemplazo | Signatura topográfica completa | No para préstamo | Tipo de ítem Koha | Nota pública | Nota no pública |
|---|---|---|---|---|---|---|---|---|---|---|---|---|---|
| 05/08/2025 | Casa México Paris | Casa México Paris | 004142 | 05/08/2025 | 324 U58 V.4 | Livre | 20200707LIV | 751145101 |